Quit India movement : (Record no. 31778)

MARC details
000 -LEADER
fixed length control field 02304nam a22003377a 4500
005 - DATE AND TIME OF LATEST TRANSACTION
control field 2009111306196.0
008 - FIXED-LENGTH DATA ELEMENTS--GENERAL INFORMATION
fixed length control field 091113t xxu||||| |||| 00| 0 eng d
010 ## - LCCN (DPL NO)
LC control number ENG-95441 B-426502-507
020 ## - INTERNATIONAL STANDARD BOOK NUMBER
International Standard Book Number 8183241174
Terms of availability 695.00
035 ## - SYSTEM CONTROL NUMBER
System control number EN-78974 B-426502-507
037 ## - SOURCE OF ACQUISITION
Source of stock number/acquisition DBAD/PUB
037 ## - SOURCE OF ACQUISITION
Source of stock number/acquisition RBC/VEen
040 ## - CATALOGING SOURCE
Original cataloging agency DPL
082 ## - DEWEY DECIMAL CLASSIFICATION NUMBER
Classification number 954.0841
100 ## - MAIN ENTRY--PERSONAL NAME
Personal name Sharma, S.K.
9 (RLIN) 29725
245 ## - TITLE STATEMENT
Title Quit India movement :
Statement of responsibility, etc by S.K. Sharma
Remainder of title a challenge to the British power in India
260 ## - PUBLICATION, DISTRIBUTION, ETC. (IMPRINT)
Place of publication, distribution, etc New Delhi
Name of publisher, distributor, etc Mittal Publications
Date of publication, distribution, etc 2009
270 ## - ADDRESS
Address 4594/9, Darya Ganj
City New Delhi
Postal code 110002
300 ## - PHYSICAL DESCRIPTION
Extent vii, 249p.
Dimensions 22 cm.(Hb)
500 ## - GENERAL NOTE
General note Includes index.
942 ## - ADDED ENTRY ELEMENTS (KOHA)
Source of classification or shelving scheme Dewey Decimal Classification
Item type English Books
Call number suffix SHA
Classification part 954.0841
Holdings
Withdrawn status Lost status Source of classification or shelving scheme Damaged status Not for loan Collection code Home library Current library Date acquired Source of acquisition Cost, normal purchase price Total Checkouts Full call number Barcode Date last seen Copy number Cost, replacement price Koha item type Total Renewals
    Dewey Decimal Classification     Non-fiction Central Library Central Library 20/07/2011 RBC/22422/17.3.11/76/4.3.11/28.3.11 695.00 4 954.0841 SHA B-426502 08/11/2019 2 695.00 English Books 2
    Dewey Decimal Classification     Non-fiction Central Library Central Library 20/07/2011 RBC/22422/17.3.11/76/4.3.11/28.3.11 695.00 5 954.0841 SHA B-426503 17/07/2021 2 695.00 English Books 1
    Dewey Decimal Classification   Not For Loan Non-fiction D.B.Act.Division D.B.Act.Division 13/11/2009 DBAD / PUB 695.00   954.0841 SHA EN-78974 13/11/2009 1 695.00 English Books  
    Dewey Decimal Classification     Non-fiction Karol Bagh Karol Bagh 20/07/2011 RBC/22422/17.3.11/76/4.3.11/28.3.11 695.00   954.0841 SHA B-426506 20/07/2011 1 695.00 English Books  
    Dewey Decimal Classification     Non-fiction Patel Nagar Patel Nagar 20/07/2011 RBC/22422/17.3.11/76/4.3.11/28.3.11 695.00 1 954.0841 SHA B-426504 02/02/2021 1 695.00 English Books  
    Dewey Decimal Classification     Non-fiction Sarojini Nagar Sarojini Nagar 20/07/2011 RBC/22422/17.3.11/76/4.3.11/28.3.11 695.00   954.0841 SHA B-426505 20/07/2011 1 695.00 English Books  
    Dewey Decimal Classification     Non-fiction Shahdara Branch Shahdara Branch 20/07/2011 RBC/22422/17.3.11/76/4.3.11/28.3.11 695.00 2 954.0841 SHA B-426507 10/09/2019 1 695.00 English Books 1

© Delhi Public Library
Hit Counter
free hit counter